000 01744cam a22003734a 4500
999 _c17693
_d17693
008 061102s2006 enka b 000 0 eng c
020 _a0856676209 (hbk.)
020 _a0856676217 (pbk.)
050 0 0 _aN6923.M6
_bC65 2006
100 1 _aColdwell, Paul.
245 1 0 _aMorandi's legacy :
_binfluences on British art /
_cPaul Coldwell.
260 _aLondon :
_bPhilip Wilson ;
_aNew York :
_bDistributed in North America by Palgrave Macmillan,
_c2006.
300 _a78 p. :
_bcol. ill. ;
_c27 cm.
504 _aIncludes bibliographical references.
600 1 0 _aMorandi, Giorgio,
_d1890-1964
_xCriticism and interpretation.
650 0 _aPainting, British
_y20th century
_vExhibitions.
710 2 _aAbbot Hall Art Gallery.
710 2 _aEstorick Collection.
856 4 2 _3Contributor biographical information
_uhttp://www.loc.gov/catdir/enhancements/fy0703/2006285295-b.html
942 _2lcc
_cBOOKS
_hN6923.M6 C65 2006